Normal view MARC view

Entry Personal Name

Number of records used in: 1

001 - CONTROL NUMBER

  • control field: 8969

003 - CONTROL NUMBER IDENTIFIER

  • control field: DLC

005 - DATE AND TIME OF LATEST TRANSACTION

  • control field: 20220103150614.0

008 - FIXED-LENGTH DATA ELEMENTS

  • fixed length control field: 151009n| azannaabn |n aaa c

010 ## - LIBRARY OF CONGRESS CONTROL NUMBER

  • LC control number: no2015135416

035 ## - SYSTEM CONTROL NUMBER

  • System control number: (OCoLC)oca10291537

040 ## - CATALOGING SOURCE

  • Original cataloging agency: ICrlF
  • Language of cataloging: eng
  • Description conventions: rda
  • Transcribing agency: ICrlF

100 1# - HEADING--PERSONAL NAME

  • Personal name: Levy, Jamie

372 ## - FIELD OF ACTIVITY

  • Field of activity: Digital forensics
  • Field of activity: Education

373 ## - ASSOCIATED GROUP

  • Associated group: John Wiley & Sons, Inc.

374 ## - OCCUPATION

  • Occupation: Researcher
  • Occupation: Developer
  • Occupation: Educator
  • Occupation: Author

375 ## - GENDER

  • Gender: female

377 ## - ASSOCIATED LANGUAGE

  • Language code: eng

670 ## - SOURCE DATA FOUND

  • Source citation: Ligh, Michael Hale. The art of memory forensics, c2014:
  • Information found: t.p. (Michael Hale Ligh, Andrew Case, Jamie Levy, Aaron Walters) t.p. verso (John Wiley & Sons, Inc.) p. vii (senior researcher/developer Volatility Project; taught computer forensics Queens College/John Jay College)

Powered by Koha